Normal view MARC view

Entry Corporate Name

Number of records used in: 1

001 - CONTROL NUMBER

  • control field: 12517

003 - CONTROL NUMBER IDENTIFIER

  • control field: OSt

005 - DATE AND TIME OF LATEST TRANSACTION

  • control field: 20180307181140.0

008 - FIXED-LENGTH DATA ELEMENTS

  • fixed length control field: 180307|| aca||aabn | a|a d

040 ## - CATALOGING SOURCE

  • Original cataloging agency: OSt
  • Transcribing agency: OSt

110 ## - HEADING--CORPORATE NAME

  • Corporate name or jurisdiction name as entry element: Lippincott Williams & Wilkins,
  • Relator term: publisher.

670 ## - SOURCE DATA FOUND

  • Source citation: Work cat.: (OSt)6038: Lippincott nursing procedures.